Folk Tales Of Hindustan/ (Record no. 206907)

MARC details
000 -LEADER
fixed length control field 00546nam a22001937a 4500
005 - DATE AND TIME OF LATEST TRANSACTION
control field 20241106123249.0
010 ## - LCCN (DPL NO)
LC control number ENG-142584
020 ## - INTERNATIONAL STANDARD BOOK NUMBER
Terms of availability 650.00
International Standard Book Number 9789380887722
035 ## - SYSTEM CONTROL NUMBER
System control number EN-126116
037 ## - SOURCE OF ACQUISITION
Source of stock number/acquisition DBAD
082 ## - DEWEY DECIMAL CLASSIFICATION NUMBER
Classification number S
Edition number First
100 ## - MAIN ENTRY--PERSONAL NAME
Personal name Chilli, Shaikh
245 ## - TITLE STATEMENT
Title Folk Tales Of Hindustan/
Statement of responsibility, etc By Shaikh Chilli
250 ## - EDITION STATEMENT
Edition statement First
260 ## - PUBLICATION, DISTRIBUTION, ETC. (IMPRINT)
Place of publication, distribution, etc New Delhi
Name of publisher, distributor, etc Juggernaut Publications
Date of publication, distribution, etc 2020
270 ## - ADDRESS
City New Delhi
Address F-3/16, Ansari Road, Darya Ganj,
Postal code 110002
Telephone number 9310122101
300 ## - PHYSICAL DESCRIPTION
Extent 164p.
Dimensions 22cm(Hb)
942 ## - ADDED ENTRY ELEMENTS (KOHA)
Source of classification or shelving scheme Dewey Decimal Classification
Item type English Books
Classification part S
Call number suffix CHI
Holdings
Withdrawn status Lost status Not for loan Collection code Home library Current library Date acquired Source of acquisition Cost, normal purchase price Full call number Barcode Copy number Cost, replacement price Koha item type
      Fiction Bawana Bawana 06/11/2024 DBAD 650.00 S CHI EN-126116 1 650.00 English Books

© Delhi Public Library
Hit Counter
free hit counter